Statistiche per Riconosci il Pokémon - Quiz n°17

Clicka qui per fare il quiz!

Statistiche generali

  • Questo quiz è stato fatto 2 volte
  • Il punteggio medio è 6 su 10

Statistiche sulle risposte

IndizioRisposta% Corretto
GenerazioneSettima
100%
Altezza0,5 m
50%
Tasso di cattura190 (35.2%)
50%
Sesso50% ♂, 50% ♀
50%
Peso9,2 kg
50%
Stadio evoluzioneForma Base
50%
Tasso di allevamentoMedio-Veloce
50%
TipoRoccia
50%
PokémonRockruff
50%
AbilitàSguardofermo; Spiritovivo; Cuordeciso; Mente Locale
50%

Distribuzione punteggi

Percentile per numero di risposta

Percentuale di utenti per punteggio

I tuoi punteggi nel tempo

Non hai fatto questo quiz